The rise & progress of Assyriology.

Guardat en:
Dades bibliogràfiques
Autor principal: Wallis Budge, Ernest Alfred
Format: Llibre
Idioma:anglès
Publicat: London, England, United Kingdom Martin Hopkinson & Co. 1925
Matèries:
Etiquetes: Afegir etiqueta
Sense etiquetes, Sigues el primer a etiquetar aquest registre!

MARC

LEADER 00000nam a2200000 a 4500
001 UCJ6184
003 CL-VaPUC
005 20240611111443.0
008 070124e19250000UK |||||||||||||||||eng|d
999 |c 322292  |d 322290 
040 |c Pontificia Universidad Católica de Valparaíso 
082 0 4 |a 935 BUD 1925  |2 21 
100 |a Wallis Budge, Ernest Alfred  |9 516815 
245 1 4 |a The rise & progress of Assyriology. 
260 0 3 |a London, England, United Kingdom  |b Martin Hopkinson & Co.  |c 1925 
300 |a 321 páginas 
500 |a Front., estatua de Asurbanipal.- Ilustraciones conforme a lo señalado en índice 
583 |a last modification  |c 20070124 00:00:00  |k Rodrigo Vera 
600 0 7 |a CIRO EL GRANDE  |2 CL-VaPUC  |9 512570 
600 0 7 |a ASURBANIPAL  |2 CL-VaPUC  |9 512571 
600 0 7 |a Layard, Austen Henry   |d 1817-1894  |9 860222 
600 0 7 |a BIRCH, SAMUEL  |2 CL-VaPUC  |9 512573 
650 0 |a Historia antigua  |9 267521 
650 0 |a Arqueología   |9 265619 
650 0 |a Iconografía   |9 267998 
650 0 |a Escritura  |9 264941 
650 0 |a Arqueología bíblica  |9 317810 
650 0 |a Profetas  |9 314377 
650 0 |a Iconografía   |9 267998 
651 7 |a ASIRIA  |2 CL-VaPUC  |9 357602 
651 7 |a BABILONIA  |2 CL-VaPUC  |9 322408 
651 0 |a Mesopotamia  |9 314286 
651 7 |a PERSIA  |2 CL-VaPUC  |9 316501 
942 |c BK  |2 ddc 
945 |d 20070124 00:00:00  |a rinostro 
952 |0 0  |1 0  |2 ddc  |4 0  |6 935_000000000000000_BUD_1925  |7 0  |8 X  |9 401256  |a FDOBUD  |b FDOBUD  |d 2019-11-22  |i 1044877  |o 935 BUD 1925  |p 1044877  |r 2019-11-22  |t 1  |w 2019-11-22  |y BK_X  |k BUD